000 01036nam a2200313 i 4500
001 000039482
003 DO-SdBNP
005 20240301141933.0
007 ta
008 090831s1992 dr r 000 0 spa d
040 _aDO-SdBNP
_bspa
_cBNPHU
_erda
082 4 _a347.7293077
_bG373v 1992
_222
100 1 _aGermán M., Mariano,
_d1946-
_q(Germán Mejía)
_99311
245 1 0 _aVías de ejecución /
_cMariano Mejía Germán.
250 _a2a ed,
264 _aSanto Domingo :
_bTaller,
_c1992.
300 _av. ;
_c24 cm.
336 _2rdacontent
_atexto
_btxt
337 _2rdamedia
_asin mediación
_bn
338 _2rdacarrier
_avolumen
_bnc
500 _aIncluye datos biográficos del autor en la contracubierta e índice temático
500 _aLa biblioteca posee el v. 1
504 _aBibliografia : p. 339-340
590 _aInventariado, 2023/BT
650 4 _aEjecucion (derecho)
_zRepública Dominicana
_965667
650 4 _aDeudor y acreedor
_921558
910 _aValidado. Control de calidad. MFF
942 _2ddc
_cLBS1
999 _c38972
_d38972